Biometrikus eszközök jelene

Bibliográfiai részletek
Szerző: Kéki Tamás
További közreműködők: Dobák Dr. Dóra Éva
Dokumentumtípus: Diplomadolgozat
Kulcsszavak:Biometrikus azonosítás
Pénzintézet
Azonosítási folyamat
Online Access:http://dolgozattar.uni-bge.hu/9682

MARC

LEADER 00000nta a2200000 i 4500
001 dolg9682
005 20161219180720.0
008 161219suuuu hu om 000 hun d
040 |a BGE Dolgozattár Repozitórium  |b hun 
041 |a hu 
100 1 |a Kéki Tamás 
245 1 0 |a Biometrikus eszközök jelene  |c Kéki Tamás  |h [elektronikus dokumentum] 
246 1 1 |a Biometrikus eszközök jelene 
246 1 1 |a The present of biometric devices 
695 |a Biometrikus azonosítás 
695 |a Pénzintézet 
695 |a Azonosítási folyamat 
700 1 |a Dobák Dr. Dóra Éva  |e ths 
856 4 0 |u http://dolgozattar.uni-bge.hu/9682/1/Keki_Tamas_szakdolgozata.pdf  |z Dokumentum-elérés 
856 4 0 |u http://dolgozattar.uni-bge.hu/9682/2/Nyilatkozat_keki_Tamas.pdf  |z Dokumentum-elérés